কুইক ম্যাথ / (Record no. 11248)
[ view plain ]
| 000 -LEADER | |
|---|---|
| fixed length control field | 00679nam a2200229 a 4500 |
| 001 - CONTROL NUMBER | |
| JCCL Control Number | 11248 |
| 003 - CONTROL NUMBER IDENTIFIER | |
| JCCL marc code | BD-JhCC |
| 005 - DATE AND TIME OF LATEST TRANSACTION | |
| control field | 20221107134024.0 |
| 008 - FIXED-LENGTH DATA ELEMENTS--GENERAL INFORMATION | |
| fixed length control field | 190608b 2016bg |||| ||a| 000 0 ben d |
| 020 ## - INTERNATIONAL STANDARD BOOK NUMBER | |
| International Standard Book Number | 9789849174127 |
| 035 ## - SYSTEM CONTROL NUMBER | |
| system control number | (BD-JhCC)11248 |
| 040 ## - CATALOGING SOURCE | |
| Original cataloging agency | BD-JhCC |
| Modifying agency | BD-JhCC |
| 041 ## - LANGUAGE CODE | |
| Language code of Book | ben |
| 082 ## - DEWEY DECIMAL CLASSIFICATION NUMBER | |
| Classification number | 510 |
| Author mark and Year | SHA 2016 |
| 100 ## - MAIN ENTRY--PERSONAL NAME | |
| Personal name | সাহা, সৌমেন |
| 245 ## - TITLE STATEMENT | |
| Title | কুইক ম্যাথ / |
| Statement of responsibility, etc | সৌমেন সাহা । |
| 260 ## - PUBLICATION, DISTRIBUTION, ETC. (IMPRINT) | |
| Place of publication, distribution, etc | ঢাকা: |
| Name of publisher, distributor, etc | অনুপম প্রকাশনী; |
| Date of publication, distribution, etc | ২০১৬. |
| 300 ## - PHYSICAL DESCRIPTION | |
| Pagination | ২২২ পৃ. : |
| Dimensions | ২২ সেমি. |
| 650 ## - SUBJECT ADDED ENTRY--TOPICAL TERM | |
| Topical term or geographic name as entry element | Mathematics |
| 942 ## - ADDED ENTRY ELEMENTS (KOHA) | |
| Source of classification or shelving scheme | Dewey Decimal Classification |
| Koha item type | Books |
| Koha issues (borrowed), all copies | 8 |
| Source of classification or shelving scheme | Damaged status | Not for loan | Home library | Current library | Shelving location | Date of accession | Cost, normal purchase price | Total Checkouts | Full call number | Barcode | Checked out | Date last seen | Date checked out | Copy number | Koha item type | Method of acquisition | Currency |
|---|---|---|---|---|---|---|---|---|---|---|---|---|---|---|---|---|---|
| Dewey Decimal Classification | JCC Rouf Library | JCC Rouf Library | General Stacks | 06/08/2019 | 350.00 | 11 | 510 SHA 2016 | 15444 | 03/23/2026 | 02/15/2026 | 02/15/2026 | C-1 | Books | ||||
| Dewey Decimal Classification | JCC Rouf Library | JCC Rouf Library | General Stacks | 350.00 | 3 | 510 SHA 2016 | 19370 | 09/04/2025 | 09/02/2025 | C-2 | Books | Purchase | BDT |